000 00599pam a2200217 a 4500
001 479373
005 20180201094654.0
008 840607s1984 caua b 001 0 eng
010 _a 84012698
020 _a0933014295 (pbk.)
040 _aDLC
_cDLC
_dDLC
041 _aeng
080 _a618.92855406 wil
082 0 0 _a618.92855406 wil
_219
100 1 _a3
101 _ashk
245 1 0 _aHandbook of stuttering therapy for the school clinician /
_cWilliam R. Leith.
504 _aBibliography: p. [185]-186.
906 _a7
_bcbc
_corignew
_d1
_eocip
_f19
_gy-gencatlg
942 _2ddc
_cBK
999 _c41565
_d41565